000 00470nam a2200145 a 4500
001 000044061
005 20201002045125.0
008 140514s1996 000 spa d
040 _aDO-SdBNP
_bspa
_cBNPHU
100 1 _aFontán, Antonio
_943450
245 1 3 _aEl español, lengua universal /
_cAntonio Fontán.
260 _aMadrid :
_bMatilde Hernández,
_c1996.
300 _a27 p. ;
_c28 cm.
504 _aIncluye referencias bibliográficas y notas al pie de las páginas
999 _c43550
_d43550